000 00436nam a2200193Ia 4500
005 20240823034157.0
008 240823s9999||||xx |||||||||||||| ||und||
020 _a978-81-264-1874-9
041 _aMALAYALAM
082 _A894.8123 p8
100 _aHenry Fielding
245 0 _aJoseph Andrews
250 _a2nd
260 _c2008
_b"D C Books,Kot"
500 _aYES
650 _aNovel
_bEnglish
942 _cBK
999 _c197614
_d197614